Quyền con người : Tiếp cận đa ngành và liên ngành khoa học xã hội
Nội dung gồm những vấn đề tiếp cận đa ngành và liên ngành khoa học xã hội về quyền con người; quyền con người và lĩnh vực khoa học xã hội; ; quyền con người và lĩnh vực khoa học nhân văn.
محفوظ في:
| المؤلف الرئيسي: | |
|---|---|
| التنسيق: | كتاب |
| اللغة: | Undetermined |
| منشور في: |
Hà Nội
Khoa học - Xã hội
2009
|
| الموضوعات: | |
| الوسوم: |
إضافة وسم
لا توجد وسوم, كن أول من يضع وسما على هذه التسجيلة!
|
| Thư viện lưu trữ: | Trung tâm Học liệu Trường Đại học Cần Thơ |
|---|
| LEADER | 01062nam a2200241Ia 4500 | ||
|---|---|---|---|
| 001 | CTU_237451 | ||
| 008 | 210402s9999 xx 000 0 und d | ||
| 020 | |c 72000 | ||
| 082 | |a 341.481 | ||
| 082 | |b V312 | ||
| 100 | |a Võ, Khánh Vinh | ||
| 245 | 0 | |a Quyền con người : | |
| 245 | 0 | |b Tiếp cận đa ngành và liên ngành khoa học xã hội | |
| 245 | 0 | |c Võ Khánh Vinh chủ biên | |
| 260 | |a Hà Nội | ||
| 260 | |b Khoa học - Xã hội | ||
| 260 | |c 2009 | ||
| 520 | |a Nội dung gồm những vấn đề tiếp cận đa ngành và liên ngành khoa học xã hội về quyền con người; quyền con người và lĩnh vực khoa học xã hội; ; quyền con người và lĩnh vực khoa học nhân văn. | ||
| 526 | |a Xã hội học tội phạm,Nhân học đại cương | ||
| 526 | |b XN364,XN115 | ||
| 650 | |a Human rights,Quyền con người | ||
| 910 | |a Tuyến | ||
| 980 | |a Trung tâm Học liệu Trường Đại học Cần Thơ | ||